| 000 | 00596nam a2200241 a 4500 | ||
|---|---|---|---|
| 001 | nice12345678 | ||
| 003 | IN_TiNIC | ||
| 005 | 20260116011423.0 | ||
| 008 | 050524s1946 newa grp 000 0 eng | ||
| 020 |
_a _c288 |
||
| 082 | 0 | 0 |
_a291 _bJUR |
| 100 | _aJurji, Edward J | ||
| 245 | _aGreat Religions of the Modern World | ||
| 260 |
_aNew Jersy _bPrinceston University Press _c1946 |
||
| 300 | _a387p | ||
| 500 | _aincludes index and biblioraphy | ||
| 505 | 2 | _aIndex | |
| 650 | _aComparative Religion | ||
| 700 | 1 | _aJurji, Edward J | |
| 902 | _bSRS | ||
| 942 | _cBK | ||
| 999 |
_c1380 _d1380 |
||